Govt. of
Madhya Pradesh

Mass Media And Laws In India (Record no. 49659)

MARC details
000 -LEADER
fixed length control field 003200000a22001570004500
001 - CONTROL NUMBER
control field 000352
003 - CONTROL NUMBER IDENTIFIER
control field MACL
040 ## - CATALOGING SOURCE
Original cataloging agency MACL
090 ## - LOCALLY ASSIGNED LC-TYPE CALL NUMBER (OCLC); LOCAL CALL NUMBER (RLIN)
-- 352
-- 352
100 ## - MAIN ENTRY--PERSONAL NAME
Personal name Manna, B.
245 ## - TITLE STATEMENT
Title Mass Media And Laws In India
Statement of responsibility, etc. B. Manna
260 ## - PUBLICATION, DISTRIBUTION, ETC. (IMPRINT)
Place of publication, distribution, etc. Naya Prokash,
Date of publication, distribution, etc. 1998
350 ## - PRICE (NR) (BK AM CF MU VM SE) [OBSOLETE]
Price 180
650 ## - SUBJECT ADDED ENTRY--TOPICAL TERM
Topical term or geographic name as entry element Law
942 ## - ADDED ENTRY ELEMENTS (KOHA)
Call number prefix 340
Koha item type Library Membar

No items available.